[Event "CP-2010-P-00010"]
[Site "LSS email"]
[Date "2010.09.28"]
[Round "?"]
[White "Laszlo, Szente"]
[Black "Lavis, Jon"]
[Result "0-1"]
[WhiteElo "1855"]
[BlackElo "1876"]
[PlyCount "74"]
[EventDate "2010.10.01"]
[EventType "tourn (corr)"]
[EventRounds "6"]
[EventCountry "GER"]
[SourceTitle "Telechess CBM 151"]
[Source "ChessBase"]
[SourceDate "2012.11.13"]
[SourceVersion "1"]
[SourceVersionDate "2012.11.13"]
[SourceQuality "1"]

1. e4 g6 2. d4 Bg7 3. Nc3 d6 4. Be3 a6 5. Qd2 Nd7 6. f3 b5 7. h4 Ngf6 8. 0-0-0 Bb7 9. Bh6 Bxh6 10. Qxh6 c5 11. dxc5 b4 12. Nd5 Bxd5 13. exd5 Nxc5 14. Nh3 Ncd7 15. Ng5 Qb6 16. Kb1 Qf2 17. h5 Rg8 18. Nxh7 Nxh7 19. Qxh7 Nf6 20. Qh6 gxh5 21. Bd3 Rxg2 22. Rhe1 Qxf3 23. Rf1 Qg3 24. Rde1 Nd7 25. Be4 Qg7 26. Qxh5 Rg3 27. Rh1 Rg5 28. Qh4 Ne5 29. Bf5 Kf8 30. Qe4 a5 31. Rh7 Qf6 32. Rf1 Rg8 33. Rhh1 Qg5 34. Ka1 Qg2 35. Qd4 a4 36. Qxb4 a3 37. bxa3 Qg5 0-1

[Event "LSS RA-2010-0-00103"]
[Site "LSS email"]
[Date "2010.09.12"]
[Round "?"]
[White "Laszlo, Szente"]
[Black "Szabo, Mihaly"]
[Result "1/2-1/2"]
[WhiteElo "2067"]
[BlackElo "2094"]
[PlyCount "39"]
[EventDate "2010.08.05"]
[EventType "tourn (corr)"]
[EventRounds "6"]
[EventCountry "GER"]
[SourceTitle "Telechess CBM 143"]
[Source "ChessBase"]
[SourceDate "2011.07.15"]
[SourceVersion "1"]
[SourceVersionDate "2011.07.15"]
[SourceQuality "1"]

1. e4 g6 2. d4 Bg7 3. Nc3 d6 4. Be3 Nf6 5. f3 Nbd7 6. Qd2 c6 7. Nh3 0-0 8. Bh6 b5 9. Bxg7 Kxg7 10. Nf2 e5 11. 0-0-0 b4 12. Ne2 c5 13. dxe5 dxe5 14. g4 Qa5 15. Kb1 Nb6 16. Nc1 c4 17. a3 c3 18. Nb3 Qa4 19. Qd6 Be6 20. Qxb4 1/2-1/2

[Event "LSS SA-2010-0-00149"]
[Site "LSS email"]
[Date "2010.09.04"]
[Round "?"]
[White "Laszlo, Szente"]
[Black "Carroll, Patrick J"]
[Result "1/2-1/2"]
[WhiteElo "1949"]
[BlackElo "2114"]
[PlyCount "67"]
[EventDate "2010.08.14"]
[EventType "tourn (corr)"]
[EventRounds "6"]
[EventCountry "GER"]
[SourceTitle "Telechess CBM 143"]
[Source "ChessBase"]
[SourceDate "2011.07.15"]
[SourceVersion "1"]
[SourceVersionDate "2011.07.15"]
[SourceQuality "1"]

1. e4 c5 2. Nf3 Nc6 3. d4 cxd4 4. Nxd4 Nf6 5. Nc3 e5 6. Ndb5 d6 7. Bg5 a6 8. Na3 b5 9. Nd5 Be7 10. Nxe7 Nxe7 11. Bxf6 gxf6 12. c4 Qa5+ 13. Qd2 Qxd2+ 14. Kxd2 b4 15. Nc2 Rb8 16. b3 f5 17. exf5 Bxf5 18. Ne3 Be6 19. g3 f5 20. Bg2 Rf8 21. f4 e4 22. Rhd1 a5 23. Ke1 Kd7 24. Rd2 Kc7 25. Bf1 Ra8 26. Rad1 Rad8 27. Nc2 Rf6 28. c5 d5 29. Nd4 h5 30. a3 Ra8 31. axb4 axb4 32. Kf2 Ra5 33. Rc2 Bd7 34. Be2 1/2-1/2

[Event "LSS RM-2010-0-00058"]
[Site "LSS email"]
[Date "2010.08.07"]
[Round "?"]
[White "Laszlo, Szente"]
[Black "Fages, Jorge Juan"]
[Result "0-1"]
[WhiteElo "1938"]
[BlackElo "2199"]
[PlyCount "76"]
[EventDate "2010.06.10"]
[EventType "tourn (corr)"]
[EventRounds "6"]
[EventCountry "GER"]
[SourceTitle "Telechess CBM 143"]
[Source "ChessBase"]
[SourceDate "2011.07.15"]
[SourceVersion "1"]
[SourceVersionDate "2011.07.15"]
[SourceQuality "1"]

1. e4 e5 2. Nf3 Nc6 3. Bc4 Nf6 4. d3 Bc5 5. c3 a6 6. 0-0 0-0 7. Bb3 d6 8. h3 h6 9. Re1 Ba7 10. Nbd2 Re8 11. Nf1 Be6 12. Bc2 d5 13. Qe2 Qd7 14. Ng3 Rad8 15. Kh2 b5 16. Rd1 Qe7 17. Be3 Bxe3 18. Qxe3 a5 19. Qe2 dxe4 20. dxe4 Rxd1 21. Rxd1 Qc5 22. Bb3 Bxb3 23. axb3 g6 24. Ne1 b4 25. Nd3 Qb5 26. Qc2 bxc3 27. bxc3 Kg7 28. f3 Rb8 29. Nc1 Qc5 30. Nd3 Qb6 31. Nc1 Nd8 32. Nf1 Ne6 33. Nd2 Qb5 34. Nd3 Nh5 35. c4 Qa6 36. Qb2 f6 37. Qa3 Kf7 38. Nb1 Qd6 0-1

[Event "ZH-2010-0-00455"]
[Site "LSS email"]
[Date "2010.07.27"]
[Round "?"]
[White "Laszlo, Szente"]
[Black "Szabo, Mihaly"]
[Result "1-0"]
[WhiteElo "2235"]
[BlackElo "2106"]
[PlyCount "83"]
[EventDate "2010.07.24"]
[EventType "match (corr)"]
[EventRounds "2"]
[EventCountry "GER"]
[SourceTitle "Telechess CBM 143"]
[Source "ChessBase"]
[SourceDate "2011.07.15"]
[SourceVersion "1"]
[SourceVersionDate "2011.07.15"]
[SourceQuality "1"]

1. e4 e5 2. f4 exf4 3. Nf3 d6 4. d4 g5 5. h4 g4 6. Ng1 Bh6 7. Nc3 c6 8. Nge2 Qf6 9. g3 f3 10. Nf4 Qe7 11. Kf2 Nd7 12. Bc4 Nb6 13. Bb3 Bd7 14. Re1 0-0-0 15. a4 Kb8 16. a5 Nc8 17. Qd3 Be8 18. a6 b6 19. Nh5 Qf8 20. Be3 Nce7 21. Qd2 Bxe3+ 22. Qxe3 f6 23. Nf4 Bf7 24. Bxf7 Qxf7 25. d5 c5 26. Ne6 Rd7 27. Nb5 Ng6 28. b4 cxb4 29. Reb1 N8e7 30. Rxb4 Nc8 31. Ra3 Ne5 32. Rc3 Re8 33. Ned4 h5 34. Qh6 Ne7 35. Qf4 Qg7 36. Nxa7 Kxa7 37. Rxb6 Nc8 38. Rb4 Ka8 39. Ne6 Qh7 40. Qe3 Na7 41. Rcb3 Rc8 42. Qb6 1-0

[Event "SM-2010-0-00103"]
[Site "LSS email"]
[Date "2010.05.24"]
[Round "?"]
[White "Atuan, Jorge Daniel"]
[Black "Laszlo, Szente"]
[Result "1-0"]
[WhiteElo "2206"]
[BlackElo "2235"]
[PlyCount "81"]
[EventDate "2010.04.04"]
[EventType "tourn (corr)"]
[EventRounds "6"]
[EventCountry "GER"]
[SourceTitle "Telechess CBM 141"]
[Source "ChessBase"]
[SourceDate "2011.03.17"]
[SourceVersion "1"]
[SourceVersionDate "2011.03.17"]
[SourceQuality "1"]

1. e4 e5 2. Nf3 Nc6 3. d4 exd4 4. Nxd4 Bc5 5. Be3 Qf6 6. c3 Nge7 7. Bc4 Ne5 8. Be2 Qg6 9. 0-0 d6 10. f3 0-0 11. Nd2 d5 12. Kh1 Bb6 13. Bf4 f6 14. a4 a5 15. Bg3 Kh8 16. f4 N5c6 17. Nxc6 bxc6 18. f5 Qf7 19. Bd3 dxe4 20. Bxe4 Ba6 21. Re1 Rad8 22. Qc2 Rd7 23. b4 Rfd8 24. Nb3 axb4 25. cxb4 Bd3 26. Bxd3 Rxd3 27. Nc5 Nxf5 28. Bf2 Bxc5 29. Qxc5 Nh6 30. Qxc6 Ng4 31. Bg1 Ne5 32. Qe4 R3d7 33. a5 Nd3 34. Re2 f5 35. Qf3 Qf6 36. Ra4 Nc1 37. Re3 f4 38. Re1 Nd3 39. Re4 Qa6 40. b5 Qxb5 41. a6 1-0

[Event "SM-2010-0-00103"]
[Site "LSS email"]
[Date "2010.05.24"]
[Round "?"]
[White "Laszlo, Szente"]
[Black "Jovanovic, Bratislav"]
[Result "0-1"]
[WhiteElo "2235"]
[BlackElo "2140"]
[PlyCount "156"]
[EventDate "2010.04.04"]
[EventType "tourn (corr)"]
[EventRounds "6"]
[EventCountry "GER"]
[SourceTitle "Telechess CBM 141"]
[Source "ChessBase"]
[SourceDate "2011.03.17"]
[SourceVersion "1"]
[SourceVersionDate "2011.03.17"]
[SourceQuality "1"]

1. d4 e6 2. e4 d5 3. Nc3 Nf6 4. Bg5 Be7 5. e5 Nfd7 6. Bxe7 Qxe7 7. f4 a6 8. Nf3 c5 9. Qd2 Nc6 10. dxc5 Nxc5 11. 0-0-0 b5 12. Kb1 b4 13. Ne2 a5 14. Ned4 Nxd4 15. Qxd4 Bd7 16. h4 Rb8 17. h5 h6 18. Bd3 Na4 19. Ka1 Qc5 20. f5 Qxd4 21. Nxd4 Nc5 22. g4 a4 23. Rhg1 0-0 24. fxe6 fxe6 25. g5 Nxd3 26. cxd3 hxg5 27. Rxg5 Kh7 28. Kb1 Rf4 29. Ne2 Rf2 30. Rdg1 Rg8 31. Nd4 Rf4 32. Ne2 Rf3 33. Nc1 Be8 34. R5g4 Re3 35. Rxb4 Rxe5 36. a3 Rxh5 37. Ne2 g5 38. Rb7+ Kh8 39. Kc1 Rh2 40. Nd4 g4 41. Nxe6 g3 42. Rc7 Bh5 43. Nf4 Bf3 44. Ra7 g2 45. Nxg2 Rg4 46. Re1 Bxg2 47. Re8+ Rg8 48. Rxg8+ Kxg8 49. Rxa4 Kf7 50. Rf4+ Ke6 51. Rf2 Rh1+ 52. Kc2 Bh3 53. Re2+ Kd6 54. Kc3 Bd7 55. Rc2 Rh3 56. Rd2 Kc5 57. b4+ Kd6 58. Rd1 Bb5 59. Rd2 Ke5 60. Re2+ Kf4 61. Kd4 Rxd3+ 62. Kc5 Bc4 63. a4 Ra3 64. Rf2+ Ke3 65. Rh2 Rxa4 66. Rh3+ Ke4 67. Rh4+ Ke5 68. Rh5+ Kf6 69. Rh6+ Kg7 70. Rb6 Kf7 71. Rb8 Ke6 72. Re8+ Kf5 73. Rh8 Ra1 74. Rh5+ Kf6 75. Rh6+ Kg7 76. Rb6 Ra8 77. b5 Kf7 78. Kd4 Rd8 0-1

[Event "SM-2010-0-00103"]
[Site "LSS email"]
[Date "2010.05.24"]
[Round "?"]
[White "Laszlo, Szente"]
[Black "Putman, Marcel"]
[Result "0-1"]
[WhiteElo "1938"]
[BlackElo "2244"]
[PlyCount "37"]
[EventDate "2010.04.04"]
[EventType "tourn (corr)"]
[EventRounds "6"]
[EventCountry "GER"]
[SourceTitle "Telechess CBM 141"]
[Source "ChessBase"]
[SourceDate "2011.03.17"]
[SourceVersion "1"]
[SourceVersionDate "2011.03.17"]
[SourceQuality "1"]

1. e4 e5 2. Nf3 Nc6 3. Bb5 a6 4. Ba4 Nf6 5. 0-0 Be7 6. Re1 b5 7. Bb3 d6 8. c3 0-0 9. h3 Bb7 10. d3 Na5 11. Bc2 c5 12. d4 Qc7 13. d5 Nc4 14. b3 Nb6 15. Bb2 c4 16. Nbd2 Nfd7 17. bxc4 Nxc4 18. Nxc4 Qxc4 19. Qd4 0-1